00633nam a2200205Ia 4500008004000000020001800040041000800058082001500066100001900081245003200100260003500132300001300167650001200180650000900192650001500201690001800216906001100234999001900245952016300264210210b2014 xxu||||| |||| 00| 0 eng d a9789381422762 aeng a361.2 SUDN aSUDERSAN (V K) aNGOs schemes and guidelines aJaipurbRitu Publicationc2014 aviii,232 aschemes aNGOs aguidelines aSocial Action a071752 c121454d121454 001040708Social WorkaALbALcSocial Workd2021-02-17eVidya Vihar Govind Nagar, Kanpurg850.00l0o361.2 SUDNp071752r2021-02-17 00:00:00w2021-02-17yBK